Paroles chanson Tous les cris les SOS de Daniel Balavoine - Statistiques

Statistiques générales
  • Ce quiz a été pris 2 881 fois
  • Le résultat moyen est 288 sur 355
Statistiques - réponses
Paroles % Correct
l'
100%
à
99%
a
99%
d'
99%
le
99%
la
98%
m'
98%
SOS
98%
les
97%
Les
97%
m'
96%
ai
95%
cris
95%
de
95%
De
95%
un
95%
Un
95%
et
94%
Et
94%
j'
94%
J'
94%
me
94%
air
93%
dans
93%
Dans
93%
je
92%
Je
92%
Tous
92%
tous
92%
Des
91%
des
91%
Qu'
90%
En
89%
en
89%
te
89%
Comme
88%
comme
88%
mer
88%
eau
87%
Partent
86%
va
86%
airs
85%
avec
85%
que
85%
qui
85%
vie
85%
une
84%
cours
83%
bruit
82%
on
82%
raccroche
82%
beau
80%
détresse
80%
Pour
80%
entourent
79%
jeter
79%
trace
79%
mots
78%
puis
78%
vide
78%
fou
77%
Sans
77%
saoule
77%
beauté
76%
espère
76%
font
76%
bouteilles
75%
écrit
75%
écumes
75%
envoie
75%
comprendre
74%
dire
74%
encre
74%
nouées
74%
sens
74%
seul
74%
travers
74%
Dont
73%
lire
73%
tresses
73%
pourra
72%
vides
72%
verre
71%
laissent
70%
sur
70%
vagues
70%
désert
69%
dessine
69%
lianes
69%
rochers
69%
étoiles
66%
Mais
66%
Tout
66%
corps
65%
Pris
65%
ramènent
65%
vaisseaux
65%
au
64%
leurs
64%
messages
64%
stress
64%
pierres
62%
luttent
57%
plus
57%
Disparaissent
56%
Quand
56%
secours
55%
amour
54%
nous
54%
appeler
53%
dernier
53%
espoir
53%
Difficile
51%
larmes
51%
51%
peu
51%
bouts
50%
clair
50%
faire
49%
morceaux
49%
ramassé
49%
rien
49%
sont
48%
tant
48%
était
47%
y
47%
ceux
46%
recollé
46%
Reste
46%
Il
45%
drames
44%
monde
44%
oppressent
42%
passé
42%
Contre
41%
Étouffent
37%
faiblesse
36%
héros
35%
changer
33%
faudrait
33%
Aucun quiz correspondant
Distribution des résultats
% des personnes avec chaque résultat
Percentile par nombre de réponses
Votre historique - résultats
Vous n’avez pas pris ce quiz